000 01403nam a22002417a 4500
005 20210325191832.0
008 s2537 th tha d
041 _atha
090 _aว TC401.W25 พ533ส 2537
245 1 0 _aงานศึกษาข้อมูลและศักยภาพการพัฒนาลุ่มน้ำแม่น้ำวัง รายงานฉบับสุดท้าย รายงานหลัก
260 3 _aกรุงเทพฯ :
_bสำนักงานคณะกรรมการพัฒนาการเศรษฐกิจและสังคมแห่งชาติ,
_c2537
300 _a1 เล่ม :
_b ตาราง, แผนที่ ;
_c 29 ซม.
650 0 4 _aการพัฒนาลุ่มน้ำ -- แม่น้ำวัง -- วิจัย
650 0 4 _aการพัฒนาแหล่งน้ำ -- วิจัย
650 0 4 _aการพัฒนาแหล่งน้ำ -- แง่สิ่งแวดล้อม -- วิจัย
650 0 4 _aการพิทักษ์สิ่งแวดล้อม -- วิจัย
650 0 4 _aลุ่มน้ำ -- วิจัย
650 0 4 _aแหล่งน้ำ -- วิจัย
850 _aNALT
942 _cRSH
997 _c000000000029702
_kVC
998 _aSANG-AROON ANU-KRAUGH
999 _c29702
_d29702